Loading...

The works of Robert Burns/

Bibliografiske detaljer
Hovedforfatter: Robert M Burns
Format: Printed Book
Udgivet: Hertfordshire: Wordsworth, 1994.
Fag:
LEADER 00566nam a22001691a 4500
020 |a 9781853264153 
082 |a 821  |b ROB/W 
100 |a Robert M Burns  |9 124294 
245 |a The works of Robert Burns/  |c by Robert M Burns 
260 |a Hertfordshire:  |b Wordsworth,  |c 1994. 
300 |a 635p. 
650 |a Poetry English  |9 124295 
650 |a Literature English  |9 124296 
650 |a Literature  |9 124297 
942 |c BK 
999 |c 51276  |d 51276 
952 |0 0  |1 0  |4 0  |6 821_000000000000000_ROB_W  |7 0  |9 74643  |a SSUS  |b SSUS  |d 2015-01-08  |g 0.00  |o 821 ROB/W  |p 015281  |r 2015-01-08  |v 0.00  |w 2015-01-08  |y BK